[Event "RUS-ch 54th"]
[Site "Elista"]
[Date "2001.05.06"]
[Round "6"]
[White "Dolmatov, Sergey"]
[Black "Makarov, Marat"]
[Result "1-0"]
[WhiteElo "2587"]
[BlackElo "2511"]
[Annotator "Ribli,Z"]
[PlyCount "129"]
[EventDate "2001.04.29"]
[EventType "swiss"]
[EventRounds "9"]
[EventCountry "RUS"]
[SourceTitle "CBM 083"]
[Source "ChessBase"]
[SourceDate "2001.07.05"]
[SourceVersion "1"]
[SourceVersionDate "2001.07.05"]
[SourceQuality "1"]

1. e4 c5 2. Nf3 Nc6 3. d4 cxd4 4. Nxd4 e6 5. Nc3 Qc7 6. Be2 {GM Dolmatov wählt
gerne diesen klassischen Aufbau.} Nf6 (6... a6) 7. O-O Nxd4 {Dieser Zug ist
ein seltener Gast in der modernen Turnierpraxis. Meiner Meinung nach ist diese
Spielweise weniger empfehlenswert. Normalerweise spielt Schwarz im Falle von 7.
..a6 8.Kh1 8...Nxd4. - Die Idee des Textzuges ist, der Variante 7...a6 8.Be3
aus dem Wege zu gehen..} (7... a6) 8. Qxd4 Bc5 9. Qd3 a6 (9... O-O 10. Bg5 Qe5
11. Bh4 Nh5 12. Bxh5 Qxh5 13. Bg3 b6 14. Rad1 a5 15. Rfe1 f5 16. Qd2 Bb7 17.
Na4 Bc6 18. Nxc5 bxc5 19. Bd6 Rf6 20. Qe2 {1/2-1/2 Tukmakov,V-Vasiukov,E/
Vilnius 1975/MCL (20)}) 10. Bg5 $5 {Anstelle dieser Fortsetzung konnte Weiß
mit 10.Kh1 in die Variante 8.Kh1 Nxd4 9.Qxd4 Bc5 10.Qd3 a6 überleiten. In
unserer Stellung ist der Zug 10.Bg5 aber sicher nützlicher als 10.Kh1.} (10.
Be3 b5 11. Bxc5 Qxc5 12. Qg3 Bb7 13. e5 Ne4 14. Nxe4 Bxe4 15. Bd3 Bc6 16. Rfe1
O-O {1/2-1/2 Lindberg,B-Langner,L/Espoo 1991/EXT 2000 (111)}) 10... b5 (10...
h6 11. Bh4 (11. Bxf6 gxf6 12. Kh1) 11... d6 12. Rad1 Bd7 (12... b5 13. Bf3 $16)
13. a3 Rc8 14. Kh1 g5 15. Bg3 (15. e5 $6 dxe5 16. Bg3 Bc6) 15... e5 16. f4 $1
exf4 (16... gxf4 17. Bh4) 17. Bxf4 gxf4 18. Rxf4 Nh7 $1 (18... Qd8 19. e5 $18)
19. Nd5 Qd8 20. b4 Ba7 21. e5 $44 {1-0 Geller,E-Vasiukov,E/Riga 1975/MCD (45)})
11. Rad1 {[%cal Gd1d7]} (11. Bf3 Rb8 12. Rae1 d6 13. Bxf6 gxf6 14. Ne2 O-O 15.
Nf4 Kh8 16. Nh5 Qe7 17. Bg4 Rg8 18. h3 Bb7 19. Qc3 Rg6 20. Kh1 b4 21. Qd2 Rbg8
{0-1 Sax,G-Tompa,J/HUN-ch 1972/MCL (38)}) 11... b4 $6 {Dieser Zug gefällt mir
nicht. Weiß hat ohnehin schon großen Entwicklungsvorsprung, von daher täte
Schwarz besser daran, seine Entwicklung fortzusetzen.} (11... Bb7 $5 12. e5 Nd5
(12... Qxe5 $2 13. Bxf6 $18) 13. Ne4 (13. Bf3 Nb4 14. Qe2 Bxf3 15. Qxf3 Rc8 $11
) 13... Nb4 (13... O-O 14. Qg3 $40) 14. Nd6+ Bxd6 15. Qxd6 Qxd6 16. Rxd6 Nxc2
17. Rfd1 $44) (11... O-O) 12. Na4 Be7 (12... Ba7 13. c3 $14 (13. Bxf6 gxf6 $13)
) 13. e5 $1 {Mit Hilfe dieses vorübergehenden Opfers verschafft sich Weiß die
Initiative.} Qxe5 (13... Nd5 14. Bxe7 Nxe7 (14... Kxe7 15. Bf3 (15. Qg3) 15...
Bb7 16. Qd4 {[%csl Re7][%cal Gd4h4,Rd4b4]}) 15. Bf3 $16) 14. Bxf6 Bxf6 (14...
Qxf6 $2 15. Nb6 $18) (14... gxf6 15. Nb6 Qb8 16. Nxa8 Qxa8 $16) 15. Nb6 {
Dieser Zug gewinnt die Qualität, denn auf 15...Rb8? folgt16.Nxc8.} Qb8 16. Nxa8
Qxa8 $14 {[%mdl 1024] Schwarz hat einen Bauern für die Qualität, zudem ist
sein Läuferpaar stark. Die Verwertung des weißen Materialvorteils fällt daher
nicht leicht.} 17. Qd6 Be7 (17... a5 18. a3 $14) 18. Qc7 Bd8 (18... O-O $4 19.
Bf3 $18 {[%csl Ra8]}) 19. Qd6 Be7 20. Qc7 Bd8 21. Qf4 a5 (21... Be7 $14) 22. c4
{Weiß möchte den Pd7 festlegen und sich im Falle von 22...bxc3 - wie in der
Partie - eine offene Linie verschaffen.} (22. a3 bxa3 23. bxa3 Be7 $14) 22...
bxc3 23. bxc3 O-O (23... d5 24. Bb5+ $16) 24. c4 (24. Rb1 d5 $14) 24... Bb6 25.
Rb1 Qa7 (25... Bc5 26. Qc7 $14 (26. Qb8 $14)) 26. Rb2 Bc5 {[%csl Gc5]} 27. Qb8
$1 {Weiß möchte die Damen natürlich gerne tauschen, um die Möglichkeiten des
schwarzen Gegenspiels zu reduzieren.} (27. Rfb1 $14) 27... Qxb8 28. Rxb8 d6 29.
Rfb1 {[%cal Gb1b8]} Bd7 {Schwarz hat keine Wahl, er muss auch noch die Türme
tauschen - die weiße Drohung war 30.Ra8 nebst 31.Rbb8.} 30. R1b7 (30. Rxf8+
Kxf8 31. Rb7 Ke7 $14) 30... Bc6 31. Rxf8+ Kxf8 32. Rc7 {[%mdl 4096]} Be4 {
Weiß hat eine Qualität mehr, sein Turm steht aktiv. Andererseits aber ist die
schwarze Stellung solide, es gibt in ihr keine Schwächen.} 33. Rc8+ Ke7 34. Rb8
{[%csl Gb8] Der Turm steht ausgezeichnet auf b8 - er droht zwar nichts, aber
er kontrolliert von dort aus die einzige offene Linie und die schwarze
Grundreihe.} a4 {Schwarz möchte 35...a3 ziehen, um den a-Bauer mit seinem Bc5
decken zu können.} (34... h6 $14) 35. Kf1 {Weiß möchte seine Königsstellung
verbessern.} a3 36. f3 {Weiß schränkt den Wirkungsbereich des Läuferpaares ein.
} Bc2 37. Ke1 g5 38. Kd2 Bg6 39. Bd3 {Das ist eine bekannte Regel: wenn der
Gegner das Läuferpaar besitzt, sollte man einen Läufer abzutauschen versuchen.}
f5 (39... Bxd3 40. Kxd3 $14) 40. Bc2 h5 41. Ba4 g4 {Das ist verständlich -
Schwarz möchte so viel Material wie möglich tauschen.} 42. Bc6 Bg1 43. Ra8 Bc5
(43... Bxh2 44. Rxa3 h4 45. Rb3 $16) 44. Rb8 (44. Kc3 $14) 44... Bg1 45. Rg8
Bf7 (45... Kf6 $14) 46. Ra8 Bc5 47. Kc3 e5 48. Bd5 Bg6 (48... Bxd5 49. cxd5 $14
) 49. Kd3 Kf6 (49... f4+ 50. Be4 $14) 50. Bc6 gxf3 (50... Kg5 $14) (50... Kg7
$14) 51. gxf3 h4 $6 {Nach diesem Zug wird der schwarze h-Bauer - wie schon der
Pa3 - eine potentielle Schwäche.} 52. Rh8 Kg5 (52... Bf2 53. Be8) 53. Be8 {
Endlich gelingt es Weiß, die weißfeldrigen Läufer zu tauschen.} Bxe8 54. Rxe8
Kf4 55. Ke2 e4 $2 {Das ist ein typischer psychologischer Fehler. Schwarz
verliert die Geduld und möchte beweisen, dass er auch aktiv spielen kann.
Dieser Zug hilft aber nur seinem Gegner.} (55... Kg5 $5) 56. fxe4 fxe4 57. Rg8
$16 {[%csl Rh4]} Bd4 58. h3 {[%csl Ra3,Rh4][%cal Rg8g4,Rg4f4,Rg4h4] Schwarz
hat vier Bauern, und die sind allesamt isoliert und schwach.} Kf5 59. Rd8 Be5 (
59... Ke5 60. Rh8 $18) (59... Ke6 60. Ra8 Bc5 (60... Bb2 61. Ke3 d5 62. cxd5+
Ke5 63. Re8+ Kxd5 64. Rxe4 $18) 61. Rh8 $18) 60. Rf8+ Bf6 61. Ke3 Ke6 (61...
Ke5 62. Re8+ $18) 62. Kxe4 $18 {Weiß hat jetzt einen Bauern gewonnen und steht
dank des nun auch aktiven Königs auf Gewinn.} Bc3 63. Ra8 Bb4 (63... Bb2 64.
Ra6 {[%cal Rc4c5]} Ke7 65. Kd5 $18) 64. Rh8 Be1 65. Rh6+ (65. Rh6+ Ke7 66. Kd5
Bg3 67. Rh7+ Kf6 68. Ra7 $18) 1-0

[Event "Scandic Hotels CC"]
[Site "Stockholm"]
[Date "1999.08.06"]
[Round "7"]
[White "Wedberg, Tom Birger"]
[Black "Sjoberg, Mats"]
[Result "1-0"]
[WhiteElo "2487"]
[BlackElo "2348"]
[Annotator "Ribli,Z"]
[PlyCount "111"]
[EventDate "1999.07.31"]
[EventType "tourn"]
[EventRounds "9"]
[EventCountry "SWE"]
[EventCategory "9"]
[SourceTitle "CBM 073"]
[Source "ChessBase"]
[SourceDate "1999.12.01"]
[SourceVersion "1"]
[SourceVersionDate "1999.12.01"]
[SourceQuality "1"]

{[%mdl 520]} 1. e4 c5 2. Nf3 e6 3. d4 cxd4 4. Nxd4 Nc6 5. Nc3 Qc7 6. g3 a6 {
Schwarz muss vorsichtig sein, denn anstelle der Partiefortsetzung ist 6...Nf6
ein theoretische Fehler. Ribli.} (6... Nf6 $6 7. Bf4 $1 {Das ist eine Idee von
6.g3.} e5 8. Ndb5 $16 {[%csl Yd5] Weiss hat Positionsvorteil und kann im
folgenden Bg5 ziehen.}) (6... d6) 7. Bg2 Nf6 8. O-O Bc5 {Dieser Zug ist die
beste Möglichkeit für Schwarz. Der Läufer verlässt zwar den Königsflügel, aber
auf der a7-g1-Diagonalen bieten sich immer Gegenchancen.} 9. Nxc6 {Die
Alternativen 9.Be3 oder 9.Nb3 bieten Weiss gar nichts.} dxc6 10. Na4 Ba7 (10...
Be7) 11. c4 Nd7 12. e5 $146 {Weiss möchte die Diagonale des g2-Läufers öffnen
und opfert einen Bauern. Dieses Motiv ist bekannt, in dieser konkreten
Stellung aber eine Neuerung.} (12. Qg4 Bd4 13. Bf4 Qa5 14. Rad1 $5 (14. Qd1 e5
15. Bd2 Qc7 16. Qg4 g6 17. Qe2 b5 18. Nc3 O-O 19. Rac1 Qd6 20. Kh1 Nb6 21. b3
bxc4 22. bxc4 Be6 23. Nd1 Qa3 {1/2-1/2 Popovic,P-Miladinovic,I/Novi Sad m 1994.
Popovic,P-Miladinovic,I/Novi Sad (m/4) 1994 (34)}) 14... h5 15. Qg5 Qxg5 16.
Bxg5 e5 17. c5 f6 18. Bc1 h4 19. Rfe1 hxg3 20. hxg3 Nf8 21. Nb6 Rb8 22. Rxd4 {
1-0 DeFirmian,N-Borge,N/Troll Masters, Gausdal NOR 1999 (22)}) (12. b4 a5 13.
b5 e5 14. Ba3 Bd4 15. Rb1 (15. Rc1 h5 $5 16. h3 h4 17. g4 c5 18. Kh1 b6 $15 19.
f4 $2 exf4 20. Bb2 Bxb2 21. Nxb2 Ne5 22. Rxf4 Be6 $17 {Hait,A-Ivanov,V/Moscow
73/(223) 1998/Inf 73/[Ivanov,Vi] (22)}) 15... b6 16. c5 cxb5 17. cxb6 Nxb6 18.
Rxb5 Nc4 19. Qc2 Bd7 20. Rd5 Rc8 21. Bc5 Be6 22. Qxc4 Bxd5 23. Qxd5 Bxc5 24.
Bh3 O-O 25. Bxc8 {1/2-1/2 Weinzettl,E-Horvath,J/Fuerstenfeld 1998/EXP 63 (25)})
12... Qxe5 (12... Nxe5 13. Bf4 {[%csl Re5][%cal Gf4c7]} O-O 14. Qe2 f6 15. c5
$44) 13. Bf4 {[%csl Gf4][%cal Gf4d6,Gd6f8]} Qf6 (13... Qd4 $5 14. Qe2 {[%cal
Ga1d1,Gd1d8]} O-O 15. Rad1 Qf6 16. Bd6 $44) (13... Qf5 14. Bd6 $44 {[%csl Gd6,
Re8]}) 14. Bd6 Qd4 {[%cal Rd4d6,Rd4d1] Auf diese Weise kann Schwarz die Damen
tauschen, aber dank seiner starken Läuferstellung behält Weiss positionellen
Druck als Kompensation für den Bauern.} 15. c5 Qxd1 16. Raxd1 $44 {[%csl Ra7,
Rc8,Gd6,Gg2] Weiss hat spürbaren positionellen Druck und sein Läuferpaar ist
viel stärker als das schwarze. Weiss hat aber noch keine konkreten Drohungen
und die schwarze Stellung ist fest.} Bb8 {Schwarz möchte den starken d6-Läufer
tauschen.} (16... Nf6 $5 {[%cal Gf6d5]}) 17. f4 {[%cal Gf4f5] Weiss plant
f4-f5.} Bxd6 18. Rxd6 Ke7 19. Rfd1 {[%csl Yd6][%cal Gd1d7] Weiss kontrolliert
die d-Linie.} (19. f5 $2 Nxc5 $19 {[%csl Rd6]}) 19... g6 (19... h5 $142 $5) 20.
g4 Nf6 {[%cal Gf6d5,Rf6g4] Der schwarze Springer strebt nach d5.} 21. Nb6 {
[%csl Gb6]} Rb8 22. Bf3 h5 (22... h6 $5 {[%cal Gg6g5]}) 23. gxh5 (23. g5 Nd5
$11 {Weiss kontrolliert zwar die schwarzen Felder, hat aber keine
Durchbruchsmöglichkeiten.}) 23... gxh5 (23... Nxh5 24. R1d4 $44) 24. Kf2 h4 (
24... Ng4+ 25. Bxg4 hxg4 26. Kg3 f5 27. Nc4 $44 {[%cal Gc4e5]}) 25. b4 $5 {
Dieser Zug verfolgt zunächst kein konkretes Ziel. Weislegt den schwarzen
Damenflügel fest und verbessert so langsam seine Stellung.} h3 $6 {Dieser Zug
gefällt mir nicht. Der Bauer ist auf h3 schwächer als auf h4.} (25... Rg8) 26.
a3 Rg8 27. R1d3 {[%cal Gd3h3]} Re8 (27... Rg7 28. Rd8 {[%csl Rb8,Rc8]} Rg8 29.
Rxg8 Nxg8 30. Bh1 $14 {[%csl Rh3][%cal Rd3h3]}) 28. Kg3 {[%cal Rg3h3]} Rg8+ (
28... Rh8 $5 29. Rd2 $22 $44) 29. Kf2 (29. Kxh3) 29... Re8 30. Kg3 Rg8+ (30...
Rh8 $5 31. Rd2 $22 $44) 31. Kxh3 {Endlich nimmt Weiss den Bauern. Er hat so
starken Figurendruck, dass er damit nichts riskiert.} Nd5 {[%cal Rd5f4,Rf4d3,
Gf4h3]} 32. Bxd5 exd5+ 33. Nxc8+ Rgxc8 {Schwarz muss so nehmen, damit di Türme
verbunden bleiben.} (33... Rbxc8 34. Re3+ Kf8 35. Rd7 $16 {[%csl Rc8,Gd7,Rf8,
Rg8]}) 34. Re3+ $14 {[%csl Gd6,Ge3] Die Stellung ist materiell gleich, aber
Weiss hat die Initiative.} Kf8 35. Kg4 {[%csl Gg4] Auch der weisse König ist
aktiv.} Rd8 36. Rh6 $5 {Natürlich möchte Weiss möglichst beide Türme auf dem
Brett behalten.} (36. Rxd8+ $143 Rxd8 $14) 36... Kg7 37. Rh5 Rh8 38. Rg5+ (38.
Rxh8 Kxh8 39. Re7 Kg7 40. Kf5 $14) 38... Kf8 (38... Kf6 $5 39. h4 $14) 39. h4
Rd8 40. h5 {[%csl Gh5]} d4 {Das ist eine wichtige Entscheidung, denn der
d4-Bauer kann auch schwach sein.} (40... Rh7 41. Kf5 $14) 41. Rd3 f6 $2 {
Schwarz verliert das Geduld und schwächt seine Stellung. Es wäre besser
abzuwarten.} (41... Rd7 $14) 42. Rg6 {[%csl Gg6]} Kf7 43. f5 {[%cal Gh5h6]
Weiss plant 44.h6 mit der Idee Rg7+.} Rd5 44. h6 {[%cal Rg6g7,Rg7b7]} Rg8 $8
45. h7 Rxg6+ (45... Rh8 46. Rh6 $14 (46. Rh3 d3 47. Rhh6 d2 48. Rxf6+ Ke7 (
48... Kg7 49. Rhg6+ Kxh7 50. Rf7#) 49. Re6+ Kd7 (49... Kf7 50. Kg5 d1=Q 51.
Rhf6+ Kg7 52. Re7#) 50. Rd6+ Ke8 51. Rxd5 cxd5 52. Rh1 Rxh7 53. Rd1 Rh2 54. Kg3
$14)) 46. fxg6+ $16 {[%csl Gg6,Gh7] Weiss hat wegen der verbundenen Freibauern
grossen Vorteil.} Kg7 47. Kf4 {[%csl Rd4][%cal Rf4e4]} Rd8 (47... f5 48. Kg5
$22 $18) 48. Kf5 Rd5+ 49. Ke4 Rh5 {Jetzt hängt g6.} (49... f5+ 50. Kf4 $22 $16)
50. Rg3 Rd5 (50... Rh4+ 51. Kd3 f5 52. Rg1 $22 Rf4 53. Rh1 Kh8 54. g7+ $18) 51.
Kd3 f5 (51... Rd8 52. Rg4 $18) 52. Rg5 $22 Rd8 53. Rxf5 $18 {Auch der Bauer d4
ist schwach. Schwarz ist ohne Hoffnung.} Kxg6 54. Rf4 {[%csl Rd4][%cal Rf4d4]}
Kxh7 (54... Rh8 55. Rh4 Kg7 56. Rxd4 (56. Kxd4 Rd8+ 57. Ke5 Kh8 58. Rd4 $18)
56... Rxh7 57. Rd7+ Kg6 58. Rxh7 Kxh7 59. Ke4 Kg6 60. Ke5 $18 {[%csl Rb7][%cal
Re5d6,Rd6c7]}) 55. Rf7+ {[%cal Rf7h7,Rf7b7]} Kg6 56. Rxb7 {[%csl Ra6,Rc6][%cal
Rb7b6,Rb6c6,Rb6a6] Schwarz gab auf. Alle schwarzen Bauern sind schwach und es
droht jetzt 57.Rb6. Er kann die Partie nicht retten.} 1-0

[Event "MK Cafe Cup-A"]
[Site "Koszalin"]
[Date "1999.08.03"]
[Round "1"]
[White "Shabalov, Alexander"]
[Black "Skripchenko, Almira"]
[Result "1-0"]
[WhiteElo "2566"]
[BlackElo "2456"]
[Annotator "Ribli,Z"]
[PlyCount "61"]
[EventDate "1999.08.03"]
[EventType "swiss"]
[EventRounds "9"]
[EventCountry "POL"]
[SourceTitle "CBM 073"]
[Source "ChessBase"]
[SourceDate "1999.12.01"]
[SourceVersion "1"]
[SourceVersionDate "1999.12.01"]
[SourceQuality "1"]

{[%mdl 576]} 1. e4 c5 2. Nf3 Nc6 3. d4 cxd4 4. Nxd4 Qc7 {Mit dieser Zugfolge
möchte Schwarz die Variante 4...e6 5.Nb5 d6 6.c4 oder 6.Bf4 vermeiden. Ribli.}
5. Nb5 {Nach 5.Nc3 e6 haben wir die Grundstellung der sogenannten
Taimanov-Paulsen Variante. Meines Erachtens ist der Partiezug für Schwarz
weniger gefährlich als nach 4...e6.} Qb8 6. N1c3 {Die gewöhnliche Fortsetzung
ist 6.c4 mit weissem Raumvorteil. Der Textzug vermeidet die theoretischen
Hauptvarianten, aber bietet Weiss keinen Eröffnungsvorteil.} a6 (6... Nf6 $2 7.
Nd5 {[%cal Rb5c7,Rc7e8,Rc7a8]} Nxd5 8. exd5 $16) 7. Nd4 e6 8. g3 Nf6 9. Bg2 Qc7
$6 {Nach diesem Damenzug geht Weiss zu theoretischen Hauptvarianten über.
Schwarz hätte meines Erachtens bessere Möglichkeiten.} (9... Bc5 $5) (9... Be7
$5) 10. O-O Bc5 {Wir haben eine heutzutage sehr populäre Variante. Die
gewöhnliche Zugfolge wäre: 5.Nc3 e6 6.g3 a6 7.Bg2 Nf6 8.0-0 Bc5, aber in
unserer Partie haben beide Spieler zwei Tempi (Weiss mit 5.Nb5, 7.Nd4; Schwarz
mit 5...Qb8, 9...Qc7 ) verloren.} 11. Nb3 {Die Rückkehr des Springers ist
nicht gefährlich für Schwarz. Die kritische Fortsetzung wäre 11.Nxc6 dxc6 12.
Na4.} Ba7 {[%csl Ga7][%cal Ga7g1] Der a7-Läufer kontrolliert stark die
a7-g1-Diagonale.} 12. a4 {Weiss verhindert die Möglichkeit ...b7-b5 und möchte
mit ...a4-a5 Raum gewinnen.} d6 13. a5 $146 {Weiss ist konsequent. Er hat
Raumvorteil am Damenflügel und das Feld b6 ist geschwächt, aber er hat noch
keine konkreten Drohungen.} (13. Bg5 {Dieser Zug ist ein Versuch auszunutzen,
dass der schwarze Läufer den Königsflügel verlassen hat.} Ne5 14. Ne2 Nfg4 15.
h3 h6 16. Bd2 Nf6 17. Ba5 Bb6 18. Bb4 Nc4 19. Bc3 Ne5 20. Nf4 Bd7 21. Nd3 Bc6
22. Nxe5 dxe5 23. Qe2 O-O 24. Kh1 Rfd8 25. f4 {1-0 Stefannson,H-Har Zvi,R/
Gausdal Eikrem/1996/ (54)}) (13. Kh1 Ne5 14. Qe2 Bd7 15. f4 Neg4 16. f5 Rc8 17.
Bf4 e5 18. Bg5 h6 19. Bxf6 Nxf6 {0-1 Grabher,H-Soffer,R/ Linz op/1996/ (45)})
13... Ne5 {[%csl Yc4][%cal Ge5c4] Der Springer strebt nach c4 oder eventuell
auch nach g4.} 14. h3 {Weiss verhindert den eventuellen Springerzug ...Ng4,
aber ich bin nicht sicher, ob diese Fortsetzung nützlich ist.} (14. Na4) 14...
h5 15. Na4 {[%csl Yb6][%cal Ga4b6] Weiss kontrolliert das Feld b6 und droht
das Bauernopfer 15.Nb6 zu spielen, wonach die schwarze Stellung auf den
schwarzen Feldern empfindlich geschächt wäre.} Nc4 {[%csl Gc4][%cal Gc4b6]} 16.
Qd3 Bd7 $11 {[%csl Gc4][%cal Gd7b5,Gb5f1] Schwarz hat keine Problemen. Seine
Stellung ist bequem. Es droht eventuell ...Bd7-b5.} 17. Qc3 {[%cal Ga4b6]
Weiss bereitet den Zug 18.Nb6 vor, denn die schwarze Dame ist auf c7 nicht
verteidigt. Eine weitere Idee ist 18.Bg5.} Rc8 {[%cal Gc8c3]} 18. Rd1 $13 (18.
Bg5 Rg8 $13 {[%cal Gg8g1,Ga7g1]} (18... e5 $13 {Dieser Zug schwächt das Feld
d5, aber die weissen Springer sind fern.})) 18... O-O (18... Bxa4 19. Rxa4 Qc6
20. Rb4 Nxe4 21. Qxg7 (21. Bxe4 Qxe4 22. Qxg7 Rh7 $13) 21... Bxf2+ 22. Kf1 Rf8
23. Bh6 $18) (18... h4 19. g4 Bxa4 20. Rxa4 Qc6 21. Rb4 Nxe4 22. Qxg7 $18 (22.
Bxe4 Qxe4 23. Qxg7 Rh7 $13)) 19. Qe1 {Weiss macht dem Springer Platz auf c3
und verteidigt sich gegen 19...Bxa4 20.Rxa4 Qc6.} Rfe8 {[%cal Ge8e1]} (19...
Nxa5 20. Nxa5 Bxa4 21. b3 (21. Rxa4 Qxc2 $36 {[%csl Ra4,Gc2][%cal Gc2f2,Ga7f2]}
22. Ra1 Bxf2+ 23. Qxf2 Qxd1+ 24. Qf1 $17) 21... Qxc2 22. Ba3 $13) 20. Nc3 d5
$36 {[%csl Rg1,Rg3][%cal Ga7g1,Rc7g3] Der Bauer g3 hängt.} 21. Nd4 {Weiss
schliesst die Diagonale a7-g1.} (21. exd5 exd5 {[%cal Re8e1]} 22. Qf1 Qxg3 $17
{[%csl Rg1,Gg3][%cal Ga7g1]}) 21... e5 (21... Nxa5 $5 22. Bg5 $44) 22. Nf3 d4 (
22... dxe4 23. Nxe4 Nxe4 24. Qxe4 Nd6 $11) 23. Nd5 Nxd5 24. exd5 Bf5 {[%cal
Rf5c2]} (24... Nd6 $15 {[%csl Rc2,Gd4,Gd6,Ge5][%cal Rc8c2] Der Springer
blockiert auf d6 ausgezeichnet und es hängt der Bauer c2.}) 25. Qe2 {[%cal
Ge2h5]} Nxa5 $6 {Schwarz gewinnt einen Bauern, aber Weiss bekommt die
Initiative. Es wäre einfacher, den a5-Bauern stehen zu lassen.} (25... Nd6 {
[%csl Rc2][%cal Rc8c2,Rf5c2]} 26. Ne1 $15 {[%cal Re2h5]}) 26. d6 {[%csl Gd6]}
Qd8 $6 (26... Qc4 $5 27. Qd2 Nc6 28. Nh4 Bd7 $15) (26... Qxd6 27. Rxa5 Rxc2 $13
{Schwarz hat drei Bauern für die Figur und seine Zentrumsbauern sind stark.})
27. Ng5 $40 {[%csl Rh5][%cal Re2h5]} Rxc2 $6 {Schwarz scheint gutes Spiel zu
haben, aber der weisse Angriff am Königsflügel ist bedeutender.} (27... Bg6 28.
Rxa5 Rxc2 (28... Qxa5 29. d7 $18 {[%cal Rd7c8,Rd7e8]}) 29. Qe1 {[%cal Ge1a5]}
d3 30. Bd2 Qxd6 31. Bxb7 $18) (27... g6 28. Be4 $1 {Weiss möchte die schwarze
Schlüsselfigur tauschen.} Bd7 (28... Bxe4 29. Nxe4 {Es droht 30.d7 mit Gewinn.}
Re6 30. Bg5 $18) 29. Bd5 {[%csl Rf7]} Rf8 30. Qxe5 Nc6 31. Qf4 Bf5 32. g4 $18 {
[%csl Rf5]}) 28. Qxh5 {[%csl Rf7][%cal Rh5f7]} Bg6 (28... Rf8 29. Bd5 $16) {[#]
} 29. Qxg6 $1 $18 {Dieses schönes Damenopfer entscheidet die Partie.} fxg6 30.
Bd5+ Re6 (30... Kh8 31. Nf7+ {[%cal Rf7d8,Rf7h8]} Kh7 32. Nxd8 Rxd8 33. Rxa5
$18) 31. Bxe6+ {Schwarz gab in verlorener Stellung auf.} (31. Bxe6+ Kf8 (31...
Kh8 32. Nf7+ $18 {[%cal Rf7d8,Rf7h8]}) 32. Nh7+ Ke8 33. d7+ Ke7 34. Bg5+ $18)
1-0